The Confessions of Nat Turner /

Gespeichert in:
Bibliographische Detailangaben
1. Verfasser: Styron, William (autor)
Format: Buch
Sprache:Englisch
Veröffentlicht: Nueva York, EUA : Signet, 1968, c1967
Tags: Tag hinzufügen
Keine Tags, Fügen Sie das erste Tag hinzu!

MARC

LEADER 00000nam^a2200000^a^4500
001 000432958
005 20250526000000.0
009 20260310123028.545
037 |a Acervo ITESO - Biblioteca 
041 |a ING 
091 |a FHM. 06270 
100 |a Styron, William  |e (autor) 
245 1 4 |a The Confessions of Nat Turner / 
264 4 |a Nueva York, EUA :  |b Signet,  |c 1968, c1967 
300 |a XIV, 404 p. ;  |c 18.0 cm. 
336 |a texto  |b txt  |2 rdacontenido 
337 |a sin mediación  |b n  |2 rdamedio 
338 |a volumen  |b nc  |2 rdasoporte 
649 |a XX 
910 |a Fondo Hugo B. Margáin 
920 |a Impresos - Libros 
930 |a Libros Antiguos y Raros 
940 |a Literatura 
905 |a 126 
901 |a 0500305532  |b IT2  |c LRA  |i D108975  |u 20250526 
902 |a https://opac.biblio.iteso.mx/vufind/Record/000432958